000 00633nam a2200241Ia 4500
003 OSt
005 20221007080737.0
006 a|||||r|||| 00| 0
007 ta
008 221006b |||||||| |||| 00| 0 eng d
024 _a14,848
037 _cTextual
040 _aFLL
_cFLL
_beng
041 _2eng
_aeng
082 _aX:9:Z73, K5
100 _aForkosch M.D. Au.
_9695391
245 0 _aTreatise on labor law
250 _a2nd
260 _aNew York
_bBobbs-merrill company, inc. U.S.A.
_c1965
300 _a1019p
_ccm.
942 _hX:9:Z73, K5
_cTEXL
_2CC
999 _c1160756
_d1160756